Len tak to cítim básne

Bibliographic Details
Main Author: Marková, Petra, 1985- (Author)
Format: Book
Language:Slovak
Published: Sofia Matom 2003
Edition:1. vyd.
Subjects:

MARC

LEADER 00000nam a2200000 a 4500
001 vtls009291764
003 SK-MaSNL
005 20260302005703.0
008 240801s2003 bu 000 pdslo
015 |a SNBZSA2008-00537 
020 |a 9549989313  |q (brož.) 
040 |a SNK  |b slo  |c SNK  |e AACR2 
041 0 |a bu 
072 7 |a 821.162.4-1  |x Slovenská poézia  |2 konspekt 
080 |a 821.162.4-1  |2 2001 
100 1 |a Marková, Petra,  |d 1985-  |4 aut  |9 317321 
245 1 0 |a Len tak to cítim  |b básne  |c Petra Marková 
250 |a 1. vyd. 
260 |a Sofia  |b Matom  |c 2003 
300 |a 46, [2] s.  |c 22 cm 
650 0 7 |a slovenská poézia  |2 snkph  |9 215422 
655 7 |a slovenská poézia  |2 snkph  |9 70444 
655 7 |a umelecká literatúra  |2 snkph  |9 60405 
852 |a Slovenská národná knižnica 
919 |a 954-9989-31-3 
954 |a beletria pôvodná (slovenská)  |2 lita 
958 |a ZS 
958 |a LX 
958 |a BG 
958 |a OND 
999 |c 1000430  |d 1002360 
952 |a SNK  |b SNK  |y PREZ  |7 0  |p 17A0589164  |o snkSC 131707  |i snk2008/10287  |8 1  |0 0  |1 0  |4 0  |d 2008-05-13  |l 0  |r 2025-06-23 00:00:00  |w 2026-02-24 
952 |a SNK  |b SNK  |y VYP  |7 0  |p 17A0589163  |o snkSC 131707 D1  |i snk2008/10289  |8 1  |0 0  |1 0  |4 0  |d 2008-05-13  |l 0  |r 2026-02-24 12:17:42  |w 2026-02-24